AH International Schools' Libraries

Oliver Twist / (Record no. 48417)

MARC details
000 -LEADER
fixed length control field 01108nam a2200265 4500
020 ## - INTERNATIONAL STANDARD BOOK NUMBER
International Standard Book Number 1402726651
040 ## - CATALOGING SOURCE
Original cataloging agency DLC
Transcribing agency DLC
Modifying agency DLC
042 ## - AUTHENTICATION CODE
Authentication code lcac
050 00 - LIBRARY OF CONGRESS CALL NUMBER
Classification number PZ7.O515
Item number Oli 2006
082 00 - DEWEY DECIMAL CLASSIFICATION NUMBER
Classification number [Fic]
Edition number 22
100 ## - MAIN ENTRY--PERSONAL NAME
Personal name Olmstead, Kathleen.
Relator term author.
9 (RLIN) 18962
245 10 - TITLE STATEMENT
Title Oliver Twist /
Statement of responsibility, etc retold from the Charles Dickens original ; abridged by Kathleen Olmstead ; illustrated by Dan Andreasen.
260 ## - PUBLICATION, DISTRIBUTION, ETC. (IMPRINT)
Place of publication, distribution, etc New York :
Name of publisher, distributor, etc Sterling Pub.,
Date of publication, distribution, etc 2006.
300 ## - PHYSICAL DESCRIPTION
Extent 151 p. :
Other physical details ill. ;
Dimensions 20 cm.
490 ## - SERIES STATEMENT
Series statement Classic starts
520 ## - SUMMARY, ETC.
Summary, etc An abridged version of the adventures of the orphan boy who is forced to practice thievery and live a life of crime in nineteenth-century London.
650 #1 - SUBJECT ADDED ENTRY--TOPICAL TERM
Topical term or geographic name as entry element Orphans
Form subdivision Fiction.
650 #1 - SUBJECT ADDED ENTRY--TOPICAL TERM
Topical term or geographic name as entry element Robbers and outlaws
Form subdivision Fiction.
651 #1 - SUBJECT ADDED ENTRY--GEOGRAPHIC NAME
Geographic name London (England)
Form subdivision Fiction.
651 #1 - SUBJECT ADDED ENTRY--GEOGRAPHIC NAME
Geographic name Great Britain
General subdivision History
Chronological subdivision 19th century
Form subdivision Fiction.
700 1# - ADDED ENTRY--PERSONAL NAME
Personal name Andreasen, Dan,
Relator term ill.
9 (RLIN) 81801
700 1# - ADDED ENTRY--PERSONAL NAME
Personal name Dickens, Charles,
Dates associated with a name 1812-1870.
Title of a work Oliver Twist.
942 ## - ADDED ENTRY ELEMENTS (KOHA)
Source of classification or shelving scheme
Koha item type Book
Holdings
Withdrawn status Lost status Source of classification or shelving scheme Damaged status Not for loan Home library Current library Date acquired Total Checkouts Full call number Barcode Date last seen Date checked out Price effective from Koha item type
          Logos International School Logos International School 02/11/2025 8 J FIC DIC 040360 04/27/2026 04/20/2026 02/11/2025 Book

For any Logos Library related questions please contact Miss Art at swongnarasuk@asianhope.org.

For any Asian Hope Library related questions please contact Miss Raza at graza@asianhope.org.

Powered by Koha